| 000 | 00794nam a22002057a 4500 | ||
|---|---|---|---|
| 999 |
_c11955 _d11955 |
||
| 003 | AR-CdUCM | ||
| 008 | 190405b ||||| |||| 00| 0 spa d | ||
| 040 |
_aMUNICIPALIDAD PROVINCIAL DEL CUSCO _cBIBLIOTECA MUNICIPAL DEL CUSCO |
||
| 082 |
_a343.8L / _bU76 / 1938 |
||
| 100 |
_aUreta del Solar, Guillermo _926579 |
||
| 245 |
_aLegislación tributaria del Perú : _bImpuestos sobre la renta . Estancos y monopolios. Impuestos al gasto / |
||
| 260 |
_aLima : _bSanmarti y Cia, _c1938. |
||
| 300 |
_a115 páginas ; _c23 cm. |
||
| 505 | _aContenido: Los impuestos a los productos -- Boceto histórico de la legislación de impuestos -- Impuestos a las utilidades... | ||
| 650 |
_aImpuestos _9381 |
||
| 650 |
_aLegislación _92962 |
||
| 650 |
_aPerú _935 |
||
| 942 |
_2ddc _cLIBROS |
||
| 945 | _adavv | ||